000 00343nam a2200133Ia 4500
008 150201s2013 xx 000 0 und d
082 _a620.106
_bWHI
100 _aWhite,Frank M
245 _aFluid Mechanics
250 _a7th Ed.
260 _bTata McGraw Hill Education Private Limited
_aNew Delhi
_c2013
300 _a878p.
942 _2ddc
_cBK
999 _c5590
_d5590